Top 100 Cities for 2025 by Google Gemini - Statistics

General Stats
  • This quiz has been taken 46 times
  • The average score is 83 of 100
Answers on the Map
Answers color-coded by a green-red scale on the quiz's map according to % correct below.
 
Answer Stats
Rank Country City % Correct
21 Germany Berlin
97%
56 Ireland Dublin
97%
2 United Kingdom London
97%
7 United States Los Angeles
97%
22 Spain Madrid
97%
42 United States Miami
97%
4 France Paris
97%
14 United States San Francisco
97%
54 Spain Barcelona
95%
9 China Beijing
95%
88 Argentina Buenos Aires
95%
40 Egypt Cairo
95%
11 United States Chicago
95%
74 Portugal Lisbon
95%
75 United Kingdom Manchester
95%
36 Mexico Mexico City
95%
20 Russia Moscow
95%
69 Norway Oslo
95%
92 Brazil Rio de Janeiro
95%
45 Italy Rome
95%
43 United States Seattle
95%
12 Australia Sydney
95%
3 Japan Tokyo
95%
29 Netherlands Amsterdam
92%
16 United States Boston
92%
60 Denmark Copenhagen
92%
33 India Delhi
92%
41 Indonesia Jakarta
92%
25 Italy Milan
92%
1 United States New York City
92%
26 Brazil Sao Paulo
92%
10 South Korea Seoul
92%
6 Singapore Singapore
92%
93 Russia St. Petersburg
92%
13 Canada Toronto
92%
51 Austria Vienna
92%
15 United States Washington D.C.
92%
99 Greece Athens
89%
44 Thailand Bangkok
89%
34 United States Dallas
89%
94 United States Detroit
89%
35 United Arab Emirates Dubai
89%
31 Germany Frankfurt am Main
89%
27 Turkey Istanbul
89%
100 South Africa Johannesburg
89%
55 Sweden Stockholm
89%
67 Canada Vancouver
89%
58 United Arab Emirates Abu Dhabi
87%
47 Belgium Brussels
87%
81 Philippines Manila
87%
32 Australia Melbourne
87%
30 India Mumbai
87%
28 Germany Munich
87%
19 Japan Osaka
87%
50 Saudi Arabia Riyadh
87%
5 China Shanghai
87%
23 Taiwan Taipei
87%
64 Poland Warsaw
87%
59 Germany Hamburg
84%
8 Hong Kong SAR Hong Kong
84%
86 France Lyon
84%
61 Canada Montreal
84%
68 Czech Republic Prague
84%
72 United States San Diego
84%
52 Iran Tehran
84%
48 Switzerland Zurich
84%
39 United States Atlanta
82%
95 United States Austin
82%
24 United States Houston
82%
53 United States Philadelphia
82%
65 Qatar Doha
79%
46 Malaysia Kuala Lumpur
79%
84 Australia Perth
79%
71 United States Phoenix
79%
57 Israel Tel Aviv
79%
66 Australia Brisbane
76%
73 United States Denver
76%
17 China Guangzhou
76%
80 New Zealand Auckland
74%
70 Switzerland Geneva
71%
76 United States Minneapolis
71%
78 China Wuhan
71%
97 Canada Calgary
68%
37 India Bengaluru
66%
87 South Korea Busan
66%
63 China Chengdu
63%
98 United States San Jose
63%
96 United States Charlotte
61%
77 China Chongqing
61%
62 Japan Nagoya
61%
49 China Nanjing
61%
18 China Shenzhen
61%
38 China Hangzhou
55%
90 China Qingdao
55%
82 China Tianjin
55%
79 Japan Yokohama
55%
89 Japan Fukuoka
50%
91 China Wuxi
42%
85 China Ningbo
39%
83 China Suzhou
37%
No matching quizzes found
Score Distribution
Percent of People with Each Score
Percentile by Number Answered
Your Score History
You have not taken this quiz